भारत-अमेरिका सम्बन्ध प्रगाढ़ता या प्रभुत्व / (Record no. 18025)

MARC details
000 -LEADER
fixed length control field 01425nam a22002537a 4500
005 - DATE AND TIME OF LATEST TRANSACTION
control field 20081105102017.0
008 - FIXED-LENGTH DATA ELEMENTS--GENERAL INFORMATION
fixed length control field 081105t xxu||||| |||| 00| 0 hin d
010 ## - LCCN (DPL NO)
LC control number HIN-84658
020 ## - INTERNATIONAL STANDARD BOOK NUMBER
Terms of availability 450.00
International Standard Book Number 8174875522
035 ## - SYSTEM CONTROL NUMBER
System control number HN-57004
037 ## - SOURCE OF ACQUISITION
Source of stock number/acquisition DBAD / PUB
040 ## - CATALOGING SOURCE
Original cataloging agency DPL
Language of cataloging HN
082 ## - DEWEY DECIMAL CLASSIFICATION NUMBER
Classification number 327.54073
100 ## - MAIN ENTRY--PERSONAL NAME
Personal name उपाध्याय, अजय
245 ## - TITLE STATEMENT
Title भारत-अमेरिका सम्बन्ध प्रगाढ़ता या प्रभुत्व /
Statement of responsibility, etc अजय उपाध्याय
246 ## - VARYING FORM OF TITLE
Title proper/short title Bhaarat-America sambandh pragadta ya prabhutva
Remainder of title by Ajay Upadhyay
260 ## - PUBLICATION, DISTRIBUTION, ETC. (IMPRINT)
Place of publication, distribution, etc नई दिल्ली
Name of publisher, distributor, etc राधा पब्लिकेशन्स
Date of publication, distribution, etc 2007
270 ## - ADDRESS
Address 4231/1, अंसारी रोड, दरियागंज
City नई दिल्ली
Postal code 110002
Telephone number 23247003, 23254306
Electronic mail address radhapubnitin@yahoo.com
300 ## - PHYSICAL DESCRIPTION
Extent 220पृ
Dimensions 22सेमी (सजिल्द)
651 ## - SUBJECT ADDED ENTRY--GEOGRAPHIC NAME
Geographic name भारत
General subdivision अन्तर्राष्ट्रीय संबंध
Geographic subdivision संयुक्त राज्य अमेरिका
651 ## - SUBJECT ADDED ENTRY--GEOGRAPHIC NAME
Geographic name India
General subdivision International relations
Geographic subdivision U. S. A.
942 ## - ADDED ENTRY ELEMENTS (KOHA)
Source of classification or shelving scheme Dewey Decimal Classification
Item type Hindi Books
Call number suffix उपाध्या
Classification part 327.54073
Holdings
Withdrawn status Lost status Source of classification or shelving scheme Damaged status Not for loan Collection code Home library Current library Date acquired Source of acquisition Cost, normal purchase price Total Checkouts Full call number Barcode Date last seen Copy number Cost, replacement price Koha item type
    Dewey Decimal Classification   Not For Loan Non-fiction D.B.Act.Division D.B.Act.Division 05/11/2008 DBAD / PUB 450.00   327.54073 उपाध्या HN-57004 05/11/2008 1 450.00 Hindi Books

© Delhi Public Library
Hit Counter
free hit counter